| 000 | 00704nam a2200241 a 4500 | ||
|---|---|---|---|
| 008 | |||
| 020 | _a0631137122 (pbk.) | ||
| 049 | _aMAIN | ||
| 090 | _aHB135 | ||
| 100 | 1 | _aGlaister, Stephen. | |
| 245 | 1 | 0 |
_aMathematical methods for economists / _cStephen Glaister. |
| 250 | _a3rd ed. | ||
| 260 |
_aOxford ; _aNew York, : _bBlackwell, _c1984. |
||
| 300 |
_axi, 260 p. : _bill. ; _c23 cm. |
||
| 504 | _aIncludes bibliographical references : p. [238] | ||
| 500 | _aIncludes index. | ||
| 650 | 0 | _aEconomics, Mathematical. | |
| 907 |
_a.b10036295 _b23-06-03 _c17-04-03 |
||
| 003 | |||
| 005 | 20230123133159.0 | ||
| 040 | _cNUST | ||
| 942 |
_cBOOKS _kHB135 |
||
| 999 |
_c144133 _d144133 |
||